2022.12.04, Francja - Polska - składy - Statystyki

Ogólne statystyki
  • Ten quiz został rozwiązany 139 razy
  • Średni wynik to 21 z 33
Statystyki odpowiedzi
Kraj Pozycja Piłkarz % Poprawnych
Polska Bramkarz Wojciech Szczęsny
97%
Polska Napastnik Robert Lewandowski
96%
Francja Napastnik Kylian Mbappe
88%
Polska Napastnik (r) Arkadiusz Milik
85%
Polska Obrońca Kamil Glik
84%
Polska Trener Czesław Michniewicz
82%
Francja Bramkarz Hugo Lloris
82%
Polska Obrońca Jakub Kiwior
81%
Polska Pomocnik Piotr Zieliński
81%
Polska Obrońca Matty Cash
77%
Francja Napastnik Olivier Giroud
77%
Polska Obrońca (r) Jan Bednarek
74%
Polska Pomocnik Grzegorz Krychowiak
73%
Polska Pomocnik (r) Nicola Zalewski
71%
Polska Obrońca Bartosz Bereszyński
68%
Francja Napastnik Antoine Griezmann
66%
Polska Pomocnik Sebastian Szymański
65%
Francja Trener Didier Deschamps
64%
Polska Pomocnik (r) Kamil Grosicki
63%
Francja Napastnik Ousmane Dembele
61%
Francja Obrońca Jules Kounde
60%
Polska Pomocnik Przemysław Frankowski
60%
Francja Obrońca Theo Hernandez
60%
Francja Pomocnik Aurelien Tchouameni
55%
Francja Obrońca Raphael Varane
50%
Francja Pomocnik Adrien Rabiot
49%
Francja Obrońca Dayot Upamecano
47%
Polska Pomocnik Jakub Kamiński
41%
Polska Pomocnik (r) Krystian Bielik
35%
Francja Napastnik (r) Marcus Thuram
34%
Francja Napastnik (r) Kingsley Coman
30%
Francja Pomocnik (r) Youssour Fofana
22%
Francja Obrońca (r) Axel Disasi
7%
Nie znaleziono quizów pasujących do podanych kryteriów
Rozkład punktacji
Procent ludzi z każdym wynikiem
Percentyl według liczby udzielonych odpowiedzi
Twoja historia wyników
Nie rozwiązałeś tego quizu